000 00874nam a2200205 a 4500
001 000017079
005 20200929165020.0
008 100317s19uu dr r 000 0 spa d
040 _aDO-SdBNP
_bspa
_cBNPHU
082 _a795.32
_bN638j
100 1 _aNicolás C., Frank
_937672
245 1 3 _aEl juego de domino :
_bpráctica, teoría y reglamentos, además los juegos : pintintin, la americana, combiniche /
_cFrank Nicolás C.
246 1 4 _aEl juego de domino :
_bpráctica, teoría y reglamentos, además los juegos : pintintin, la americana, combiniche.
260 _a[Santo Domingo ?] :
_bCerveceria Nacional Dominicana,
_c[199?].
300 _a104 p. :
_bil., ;
_c22 cm.
500 _aIncluye datos biográficos del autor en la contracubierta.
590 _aInventariado, 2018/BT
650 4 _aDominó
_xReglamentos
_937673
910 _aValidado. Control de calidad. MFF
999 _c16605
_d16605